Montex 88 - zameranie na elektronizáciu

Bibliographic Details
Main Author: -red- (Author)
Format: Article
Language:Slovak
PhysicalDescription:Obr. 2.
Subjects:

MARC

LEADER 00000nab a2200000 a 4500
001 vtls000335946
003 SK-MaSNL
005 20260303210704.0
008 230223c1988 xo 0 slo
015 |a SNBRB19rr/mm-uuuuu 
035 |a CL0336068 
035 |a urn:nbn:sk:snk-abaa21 
035 |a (urnnbn)urn:nbn:sk:snk:ar-a09me7 
035 |a (uuid)64837c5f-5260-4a68-8bc5-c11f05418628 
040 |a SNKBUCL  |b slo  |c SNKBUCL  |e AACR2 
041 0 |a slo 
044 |a xo  |c SK 
080 |a 621.757:007.52:621.38:061.43  |2 1981 
080 |a 007.52  |2 1981 
080 |a 621.38  |2 1981 
080 |a 061.43  |2 1981 
100 1 |a -red-  |4 aut  |9 898898 
245 1 0 |a Montex 88 - zameranie na elektronizáciu  |c -red- 
300 |b Obr. 2. 
611 2 7 |a Montex  |d (1988 :  |c Brno, Česko)  |2 snkbucl  |9 1242755 
650 0 7 |a interná montáž  |2 snkbucl  |9 1242753 
655 7 |a články z novín a časopisov  |2 snkbucl  |9 267496 
773 0 |t Trend VUMA  |g Roč. 19, č. 2 (1988), s. 61-63 
850 |a Slovenská národná knižnica v Martine  |a MTA001 
852 |a SNK  |b KIS3GCP 
954 |a odborná, vedecká literatúra pôvodná (slovenská)  |2 lita 
958 |a OND 
958 |a RK 
958 |a CZ 
958 |a EUIPO 
958 |a article13 
992 |a RBX 
999 |c 2201256  |d 2203186